| 000 | 01308nam0a22002891 4500 | ||
|---|---|---|---|
| 001 | rc\1061040 | ||
| 005 | 20260407105024.0 | ||
| 035 | _a(NLR Aleph) 006221771 | ||
| 090 |
_a6477704 _c6477704 |
||
| 100 | _a20041129d1980 |||y0rusy50 ca | ||
| 101 | 0 |
_arus _afre |
|
| 102 | _aRU | ||
| 105 | _ay ||||||||| | ||
| 200 | 1 |
_aДревняя Русь - зона встречи цивилизаций _e[Доклад] _eXV Междунар. конгр. ист. наук _fЗ.В. Удальцова, Я.Н. Шапов, Е.В. Гутнова, А.П. Новосельцев |
|
| 210 |
_aМ. _cНац. ком. историков Сов. Союза _d1980 |
||
| 215 |
_a77 с. _d21 |
||
| 300 | _aВ надзаг.: Нац. ком. историков Сов. Союза | ||
| 300 | _aТекст парал. на рус. и фр. яз. | ||
| 320 | _aБиблиогр. в примеч.: с. 32-41 | ||
| 701 | 1 |
_aУдальцова _bЗ. В. _cд-р ист. наук _f1918-1987 _gЗинаида Владимировна _9174229 _3RU\NLR\AUTH\770174280 |
|
| 711 | 1 | 2 |
_aМеждународный конгресс историков _d15 _eБухарест _f1980 _9622730 _3RU\NLR\AUTH\8810060673 |
| 801 | 0 |
_aRU _bNLR _gpsbo |
|
| 801 | 1 |
_aRU _bELAR _2rusmarc |
|
| 852 |
_aNLR _j80-6/6611 |
||
| 942 | _cBOOK | ||
| 980 | _aNB | ||